000 01210nam a2200289 a 4500
003 BLK
005 20250715141206.0
008 180411b bul|||||r ||||||| ||bul||
020 _a9786197560244
_q978-619-7560-24-4
040 _aBLK
041 _aBUL
_cBUL
080 _aАмериканска литература (на САЩ)
_b821.111(73)
_x-93-32
_z821.111(73)-93-32
084 _aК 54
100 1 _aКини, Джеф
_9309890
245 1 0 _aДневникът на един Дръндьо
_bЧ. 1 -
_cДжеф Кини ; прев. Михаил Балабанов.
_nЧ. 17
_pРоден за рок
257 _aUSA
260 _aСофия
_bДУО ДИЗАЙН
_c2023
_f[София] : [Инвестпринт]
300 _a218 с.
_bс ил.
_c21 см
380 _aDX
500 _aОриг. загл.: Diary of a wimpy kid: Diper Överlöde / Jeff Kinney За автора: с. 218
700 _aБалабанов, Михаил Петров
_eпрев.
_9443003
852 _aЦб 325460
_bЦб
852 _bД
_c821-93/К 54 Д
942 _cKNG
_n0
_0379
_s1
944 _aED
_c2024-12-13
_k30542
_lРусанова Ирена
999 _c491947
_d491947